Principles and Practice of Automatic Process Control / C.A. Smith, A.B. Corripio.

Na minha lista:
Detalhes bibliográficos
Autor principal: Smith, Carlos A. (autor)
Outros Autores: Corripio, Armando B. (autor) (autor)
Formato: Livro
Idioma:inglês
Publicado em: Nueva York, EUA : Wiley, 1997, c1997
Edição:2a edición
Assuntos:
Tags: Adicionar Tag
Sem tags, seja o primeiro a adicionar uma tag!

MARC

LEADER 00000nam^a2200000^a^4500
001 000136641
005 20250521000000.0
009 20260310095326.287
020 |a 0-471-57588-7 
037 |a Acervo ITESO - Biblioteca 
041 |a ING 
082 |a 629. 8  |b SMI 
100 |a Smith, Carlos A.  |e (autor) 
240 1 1 |a [Control automático de procesos] 
245 1 0 |a Principles and Practice of Automatic Process Control /  |b C.A. Smith, A.B. Corripio. 
250 |a 2a edición 
264 4 |a Nueva York, EUA :  |b Wiley,  |c 1997, c1997 
300 |a XIII, 768 p. 
336 |a texto  |b txt  |2 rdacontenido 
337 |a sin mediación  |b n  |2 rdamedio 
338 |a volumen  |b nc  |2 rdasoporte 
649 |a XX 
650 |a Sistemas Dinámicos 
650 |a Análisis de Sistemas 
650 |a Análisis del Proceso 
650 |a Control de Procesos -  |x Modelos Matemáticos 
650 |a Control de Procesos -  |x Tema Principal 
650 |a Ingeniería de Procesos 
650 |a Ingeniería Industrial 
700 |a Corripio, Armando B.  |e (autor) 
910 |a Fondo General 
920 |a Impresos - Libros 
930 |a Colección General 
905 |a 101 
901 |a 0500100667  |b IT1  |c ACC  |u 20250521 
901 |a 0500100664  |b IT1  |c ACC  |u 20250521 
902 |a https://opac.biblio.iteso.mx/vufind/Record/000136641